Word Ladder: Alphabetical Quiz Stats

 Plays Quiz Updated Jun 16, 2012

Support Sporcle.
Go Orange.
Score 0/15 Timer 04:00
1 Play Today
Clue Word % Correct
'Mamma Mia!' groupABBA
94.2%
Actress Jessica, or Italian for dawnALBA
88.9%
Nasal mucusSNOT
84.3%
Run away!FLEE
82.4%
Tiny jumping bloodsuckerFLEA
81.5%
Caesar at the Rubicon: '____ iacta est.'ALEA
70%
Make outSNOG
67.4%
What braggarts do to their own hornsTOOT
65.3%
Clue Word % Correct
Sheet of floating iceFLOE
63.3%
Ingredient in India(n) inkSOOT
62.2%
Administer corporal punishmentFLOG
61.6%
Plod through mud or snowSLOG
61.5%
Grounds for a lawsuitTORT
56%
Conservative (or Loyalist, across the pond)TORY
53.4%
River in South WalesTOWY
13.2%

Today's Daily Dose

You're not logged in!

Compare scores with friends on all Sporcle quizzes.
OR
Log In
Forgot?

From the Vault

NHL 2000+ Penalty Minutes

by Sam

The top name on this list has spent almost 4.12 penalty minutes per game in the box, that is a lot of time to sit and fume and plot revenge.
Remove Ads.
Support Sporcle.
Get the best of Sporcle when you Go Orange. This ad-free experience offers more features, more stats, and more fun while also helping to support Sporcle. Thank you for becoming a member.

Show Comments

Extras

Top Quizzes Today


Score Distribution

Your Account Isn't Verified!

In order to create a playlist on Sporcle, you need to verify the email address you used during registration. Go to your Sporcle Settings to finish the process.

Report this User

Report this user for behavior that violates our Community Guidelines.

Details: